| 000 | 00379pab a2200157 454500 | ||
|---|---|---|---|
| 008 | 180718b2010 xxu||||| |||| 00| 0 eng d | ||
| 100 | _aRao, Radha Krishna | ||
| 245 | _aCelebrating 60 years: a boost to Indian aerospace sector | ||
| 260 | _c2010 | ||
| 300 | _ap.43-45. | ||
| 362 | _aJan | ||
| 650 | _aAerospace industry | ||
| 773 | _aYojana | ||
| 908 | _aN | ||
| 909 | _a85639 | ||
| 999 |
_c85639 _d85639 |
||